000 00342nam a2200145Ia 4500
008 221030s9999 xx 000 0 und d
020 _a0143102850
041 _aEnglish
100 _aC. Handy
245 0 _aGods of Management
_cby C. Handy
260 _bPenguin books
_aNew Delhi
_c2007
300 _a268
650 _aGeneral
942 _cBK
999 _c15030
_d15030